00459nam a2200121Ia 4500008004100000100001500041245004900056260010500105650002100210942000700231999001700238952008200255220216s9999 xx 000 0 und d aBelt M J W 0aLondon trade role in international marketing bProceedings of the International Rubber Marketing Conference, 1983, Kuala Lumpur, Malaysia, p246-251 aRubber marketing cJS c62248d62248 00104078aMAINbMAINc2d2021-12-17l0r2021-12-17 00:00:00w2022-02-16yJS